LAW OF TORTS (Record no. 9581)

MARC details
000 -LEADER
fixed length control field 00299nam a22001457a 4500
003 - CONTROL NUMBER IDENTIFIER
control field SGT
082 ## - DEWEY DECIMAL CLASSIFICATION NUMBER
Classification number 346.03,BAN
100 ## - MAIN ENTRY--PERSONAL NAME
Personal name BANGIA, R K
245 ## - TITLE STATEMENT
Title LAW OF TORTS
250 ## - EDITION STATEMENT
Edition statement 3RD
260 ## - PUBLICATION, DISTRIBUTION, ETC. (IMPRINT)
Place of publication, distribution, etc FARIDABAD
Name of publisher, distributor, etc ALLAHABAD LAW AGENCY
Year of Publication 2013
300 ## - PAGE DESCRIPTION
No. of Pages 691
650 ## - SUBJECT ADDED ENTRY--TOPICAL TERM
Topical term or geographic name as entry element TORTS
942 ## - ADDED ENTRY ELEMENTS (KOHA)
Source of classification or shelving scheme Dewey Decimal Classification
Koha item type Books
942 ## - ADDED ENTRY ELEMENTS (KOHA)
-- 89
Holdings
Withdrawn status Lost status Source of classification or shelving scheme Damaged status Not for loan Collection code Home library Current library Shelving location Date acquired Vendor Name Cost, normal purchase price SGTU Bill Number Total Checkouts Total Renewals Full call number Accession No. (Barcode) Date last seen Date last borrowed Bill Date Koha item type
    Dewey Decimal Classification     LAW SGT Science & Social Sciences Library SGT Science & Social Sciences Library Text Book 21/07/2016 SATYAM BOOKS 365.00 SGTU 985 22 5 346.03,BAN FL129 13/12/2025 08/12/2025 22/01/2014 Books
    Dewey Decimal Classification     LAW SGT Science & Social Sciences Library SGT Science & Social Sciences Library Text Book 21/07/2016 SATYAM BOOKS 365.00 SGTU 985 46 7 346.03,BAN FL130 22/12/2025 09/12/2025 22/01/2014 Books
  Lost and Paid For Dewey Decimal Classification     LAW SGT Science & Social Sciences Library SGT Science & Social Sciences Library Text Book 21/07/2016 SATYAM BOOKS 365.00 SGTU 985 11 8 346.03,BAN FL131 24/12/2021 26/11/2019 22/01/2014 Books
    Dewey Decimal Classification     LAW SGT Science & Social Sciences Library SGT Science & Social Sciences Library Text Book 21/07/2016 SATYAM BOOKS 365.00 SGTU 985 33 6 346.03,BAN FL132 23/03/2023 10/03/2023 22/01/2014 Books
    Dewey Decimal Classification     LAW SGT Science & Social Sciences Library SGT Science & Social Sciences Library Text Book 21/07/2016 SATYAM BOOKS 365.00 SGTU 985 16   346.03,BAN FL133 12/12/2025 30/12/2024 22/01/2014 Books
    Dewey Decimal Classification     LAW SGT Science & Social Sciences Library SGT Science & Social Sciences Library Text Book 21/07/2016 SATYAM BOOKS 365.00 SGTU 985 30 8 346.03,BAN FL134 11/12/2025 27/12/2024 22/01/2014 Books
  Lost and Paid For Dewey Decimal Classification     LAW SGT Science & Social Sciences Library SGT Science & Social Sciences Library Text Book 21/07/2016 SATYAM BOOKS 365.00 SGTU 985 2 2 346.03,BAN FL135 18/05/2018 18/04/2018 22/01/2014 Books
    Dewey Decimal Classification     LAW SGT Science & Social Sciences Library SGT Science & Social Sciences Library Text Book 21/07/2016 SATYAM BOOKS 365.00 SGTU 985 41 11 346.03,BAN FL136 12/12/2025 08/12/2025 22/01/2014 Books